000 00940nam a2200289Ia 4500
001 404619
003 EC-QuCCB
005 20230816163850.0
007 ta
008 130917s1950 es a gr 001 0dspa d
040 _aEC-QuCCB
041 1 _aspa
_aeng
043 _as-ec-pi
082 0 _a709.866132
_bL1115
100 1 _aLa Orden Miracle, Ernesto,
_922251
_d1911-2000
245 1 0 _aElogio de Quito
_cErnesto La Orden Miracle
260 _aBilbao, España :
_bEdiciones Cultura Hispánica,
_c1950
300 _a[216] h. de lám,122, [6] páginas :
_bilustraciones ;
_c29 cm
336 _atexto
_btxt
337 _ano mediado
_bn
338 _avolumen
_bnc
500 _aÍndice en inglés y español. -- Antecede al título Cuadro de arte dirigidos por Luis M. Feduchi
650 4 _aArte ecuatoriano
_911021
650 4 _aPintura ecuatoriana
_914925
651 4 _917752
_aQuito (Pichincha, Ecuador)
_xHistoria
942 _2ddc
_cBK
999 _c21425
_d21425